| 000 | 00710nam a22001937a 4500 | ||
|---|---|---|---|
| 999 |
_c8311 _d8311 |
||
| 003 | GBCCL | ||
| 005 | 20241126110647.0 | ||
| 008 | 191119b ||||| |||| 00| 0 eng d | ||
| 040 | _cGBC | ||
| 082 |
_aARCH GBC-2019 _bGOM |
||
| 100 |
_aGominthang _914437 |
||
| 245 |
_aAs a Counsellor, the Pastor are Responsible in Communicating the Gospel Effectively to the Drug Addicts for the Transformation of Society of Lamka With the Gospel | _cGominthang |
||
| 260 |
_aNew Lamka: _bGrace Bible College, _c2019 |
||
| 300 |
_axv + 56 p ; _c21 cm x 29 cm |
||
| 650 |
_aPastoral Ministry _96748 |
||
| 650 |
_aCounsellor _vDrugs _xTransformation of Society _914438 |
||
| 651 |
_zLamka _zChurachandpur _914448 |
||
| 942 |
_2ddc _cTH |
||